header

The land and maritime boundary disputes of Africa (Record no. 162334)

MARC details
000 -LEADER
fixed length control field 01369nam a2200349 a 4500
082 04 - DEWEY DECIMAL CLASSIFICATION NUMBER
Classification number 341.4/2
100 1# - MAIN ENTRY--AUTHOR NAME
Personal name Guo, Rongxing.
245 14 - TITLE STATEMENT
Title The land and maritime boundary disputes of Africa
260 ## - PUBLICATION, DISTRIBUTION, ETC. (IMPRINT)
Place of publication New York :
Name of publisher Nova Science Publishers,
Year of publication c2009.
300 ## - PHYSICAL DESCRIPTION
Number of Pages x, 121 p. :
Other physical details maps.
490 1# - SERIES STATEMENT
Series statement African political, economic, and security issues series
856 40 - ELECTRONIC LOCATION AND ACCESS
Uniform Resource Identifier http://site.ebrary.com/lib/rucke/Doc?id=10671202

No items available.

© 2026 Rongo University
Contact us: librarian | system librarian | Rongo university